The Harlow-Shapley symposium on globular cluster systems in galaxies (Record no. 9431)

MARC details
000 -LEADER
fixed length control field 00762nam a2200217Ia 4500
003 - CONTROL NUMBER IDENTIFIER
control field IN-BaIIA
008 - FIXED-LENGTH DATA ELEMENTS--GENERAL INFORMATION
fixed length control field 211028s9999 xx 000 0 eng d
020 ## - INTERNATIONAL STANDARD BOOK NUMBER
International Standard Book Number 90-277-2665-5
040 ## - CATALOGING SOURCE
Transcribing agency IIA Library
080 ## - UNIVERSAL DECIMAL CLASSIFICATION NUMBER
Universal Decimal Classification number 082.2:52
Item number IAU-S126
245 #4 - TITLE STATEMENT
Title The Harlow-Shapley symposium on globular cluster systems in galaxies
Statement of responsibility, etc. edited by Jonathan E. Grindlay and A.G Davis Philip
260 ## - PUBLICATION, DISTRIBUTION, ETC.
Place of publication, distribution, etc. Dordrecht
Name of publisher, distributor, etc. Kluwer Academic
Date of publication, distribution, etc. 1988
300 ## - PHYSICAL DESCRIPTION
Extent xxxi, 751p.
490 ## - SERIES STATEMENT
Series statement IAU Symposium; no. 126
650 ## - SUBJECT ADDED ENTRY--TOPICAL TERM
Topical term or geographic name entry element Astronomy and Astrophysics thesaurus
650 ## - SUBJECT ADDED ENTRY--TOPICAL TERM
Topical term or geographic name entry element Globular star clusters
9 (RLIN) 6789
650 ## - SUBJECT ADDED ENTRY--TOPICAL TERM
Topical term or geographic name entry element Star clusters
9 (RLIN) 6686
700 ## - ADDED ENTRY--PERSONAL NAME
Personal name Grindlay, Jonathan E., ed.
9 (RLIN) 15874
700 ## - ADDED ENTRY--PERSONAL NAME
Personal name Philip, A.G Davis, ed.
9 (RLIN) 11239
942 ## - ADDED ENTRY ELEMENTS (KOHA)
Koha item type Books
Holdings
Withdrawn status Lost status Damaged status Not for loan Home library Current library Shelving location Date acquired Total Checkouts Full call number Barcode Date last seen Price effective from Koha item type
        IIA Library-Bangalore IIA Library-Bangalore General Stacks     082.2:52/ IAU-S126 10341 05/11/2021   Books

Powered by Koha